Formule 1 - Vainqueurs du GP de Singapour - Statistiques

Statistiques générales
  • Ce quiz a été pris 67 fois
    25 depuis la dernière actualisation
  • Le résultat moyen est 16 sur 16
Statistiques - réponses
Années Pilotes % Correct
2019 Sebastian Vettel
100%
2008 Fernando Alonso
100%
2010 Fernando Alonso
100%
2024 Lando Norris
100%
2009 Lewis Hamilton
100%
2014 Lewis Hamilton
100%
2017 Lewis Hamilton
100%
2018 Lewis Hamilton
100%
2016 Nico Rosberg
100%
2011 Sebastian Vettel
100%
2012 Sebastian Vettel
100%
2013 Sebastian Vettel
100%
2015 Sebastian Vettel
100%
2022 Sergio Pérez
100%
2023 Carlos Sainz
93%
2025 George Russell
87%
Aucun quiz correspondant
Distribution des résultats
% des personnes avec chaque résultat
Percentile par nombre de réponses
Votre historique - résultats
Vous n’avez pas pris ce quiz depuis la dernière actualisation